Geometry for dummies

Students studying geometry in school will certainly learn about lines and angles, circles and triangles, and they'll find everything they need to master those topics. But Geometry is so much more than shapes! Proofs are at the heart of any Geometry course, and they're most often where stud...

Descrizione completa

Salvato in:
Dettagli Bibliografici
Autore principale: Ryan, Mark
Natura: Libro
Lingua:Undetermined
Pubblicazione: Hoboken, N.J. John Wiley & Sons 2016
Soggetti:
Tags: Aggiungi Tag
Nessun Tag, puoi essere il primo ad aggiungerne! !
Thư viện lưu trữ: Trung tâm Học liệu Trường Đại học Cần Thơ
LEADER 00969nam a2200217Ia 4500
001 CTU_226925
008 210402s9999 xx 000 0 und d
020 |c 338000 
082 |a 516 
082 |b R988 
100 |a Ryan, Mark 
245 0 |a Geometry for dummies 
245 0 |c Mark Ryan 
260 |a Hoboken, N.J. 
260 |b John Wiley & Sons 
260 |c 2016 
520 |a Students studying geometry in school will certainly learn about lines and angles, circles and triangles, and they'll find everything they need to master those topics. But Geometry is so much more than shapes! Proofs are at the heart of any Geometry course, and they're most often where students struggle. Geometry For Dummies, 3rd Edition, is overflowing with helpful and practical, plain-English information about proofs to help students succeed. 
650 |a Hình học,Geometry 
904 |i Nhi 
910 |b dqhieu 
980 |a Trung tâm Học liệu Trường Đại học Cần Thơ